[Event "Tournoi Skype 015A"]
[Site "Skype"]
[Date "????.??.??"]
[Round "2.3"]
[White "Auger, Bertrand"]
[Black "Dal, Ibrahim"]
[Result "1-0"]
[WhiteElo "2042"]
[BlackElo "1748"]
[PlyCount "111"]

1. Nf3 d5 2. g3 Bf5 3. c4 c6 4. b3 e6 5. Bb2 Nf6 6. Bg2 Nbd7 7. O-O Be7 8. d3
O-O 9. Nbd2 h6 10. Rc1 Rc8 11. Rc2 b5 12. cxb5 cxb5 13. Rxc8 Qxc8 14. Nd4 Bg4
15. Nxb5 Qa6 16. Nc3 Rc8 17. Nf3 Ba3 18. Qa1 Bxf3 19. Bxf3 Ne5 20. Bg2 Bxb2 21.
Qxb2 Nc6 22. Na4 Nd7 23. Rc1 Nb4 24. a3 Rxc1+ 25. Qxc1 Qc6 26. Qxc6 Nxc6 27. b4
Kf8 28. Nc5 Ke7 29. Nxd7 Kxd7 30. e3 Ne5 31. Bf1 Nf3+ 32. Kh1 Nd2 33. Kg2 Nb1
34. a4 Nc3 35. a5 Nb5 36. d4 Kc6 37. Kf3 Nd6 38. Kf4 Nc4 39. e4 g5+ 40. Kg4 Kb5
41. exd5 exd5 42. Bg2 Kxb4 43. Bxd5 Nxa5 44. Bxf7 Nc4 45. f4 gxf4 46. gxf4 Kc3
47. f5 Nd6 48. Be6 Kxd4 49. f6 Ne8 50. Kf5 Nxf6 51. Kxf6 Ke4 52. h4 Kf4 53. h5
a5 54. Kg6 Ke5 55. Kxh6 Kxe6 56. Kg6 1-0

[Event "Tournoi Skype 015A"]
[Site "Skype"]
[Date "????.??.??"]
[Round "2.4"]
[White "Meyer, Eric"]
[Black "Hervais, Adrien"]
[Result "0-1"]
[WhiteElo "1747"]
[BlackElo "1945"]
[PlyCount "108"]

1. d4 d5 2. c4 Bf5 3. Qb3 Nc6 4. Nf3 e6 5. a3 Na5 6. Qa4+ c6 7. cxd5 b5 8. Qd1
Qxd5 9. Nbd2 b4 10. Qa4 bxa3 11. bxa3 Bd6 12. e3 Ne7 13. Be2 O-O 14. e4 Bxe4
15. Nxe4 Qxe4 16. Qxa5 Nd5 17. g3 e5 18. Qd2 exd4 19. O-O Nc3 20. Re1 c5 21.
Bb2 Nxe2+ 22. Qxe2 Qd5 23. Rad1 Rab8 24. Ba1 Bc7 25. Rd3 Bb6 26. Qe4 Qxe4 27.
Rxe4 c4 28. Rdxd4 Bxd4 29. Bxd4 Rb1+ 30. Kg2 Rc8 31. Nd2 Rc1 32. Kf3 c3 33. Nb3
Rb1 34. Nc5 c2 35. Be3 c1=Q 36. Bxc1 Rxc1 37. Nd7 R1c3+ 38. Ke2 Rc2+ 39. Kf1
R2c7 40. Re7 Rc6 41. Re3 Rd6 42. Nc5 g6 43. Nb3 Ra6 44. Nd4 Rc4 45. Nb5 Rc5 46.
Nd4 Rd5 47. Nc2 Rd2 48. Nb4 Rf6 49. Nd3 Ra2 50. Re7 Rxa3 51. Nf4 Ra1+ 52. Kg2
a5 53. h4 a4 54. g4 Rxf4 0-1

[Event "Tournoi Skype 015A"]
[Site "Skype"]
[Date "????.??.??"]
[Round "2.5"]
[White "Hilton, Stephen"]
[Black "Ergin, Ahmet"]
[Result "1-0"]
[WhiteElo "1910"]
[BlackElo "1746"]
[PlyCount "89"]

1. d4 d5 2. c4 e5 3. dxe5 d4 4. Nf3 Nc6 5. g3 Nge7 6. Bg2 Ng6 7. O-O Ngxe5 8.
Nxe5 Nxe5 9. Bf4 Ng6 10. Bc1 Be7 11. Nd2 O-O 12. Nf3 c5 13. Qb3 Rb8 14. e3 Bg4
15. exd4 cxd4 16. h3 Bxf3 17. Bxf3 Qd7 18. Bg2 Bc5 19. Rd1 Rfe8 20. Bd2 b6 21.
Qc2 Ne5 22. Bf4 Rbd8 23. Bxe5 Rxe5 24. Re1 Rxe1+ 25. Rxe1 h6 26. a3 Re8 27. Rd1
Be7 28. Kh2 Rd8 29. Qd3 Bf6 30. b4 Rc8 31. b5 Rc7 32. Re1 Qd8 33. Bd5 Re7 34.
Ra1 Qe8 35. Bc6 Qc8 36. a4 Qc7 37. Ra2 Qd6 38. a5 bxa5 39. Rxa5 Rc7 40. Ra6 Qe7
41. Ra2 Qd8 42. Bd5 Re7 43. Ra6 Rc7 44. Qb1 Qd7 45. Rxf6 1-0

[Event "Tournoi Skype 015A"]
[Site "Skype"]
[Date "????.??.??"]
[Round "2.6"]
[White "Janssen, Gerard"]
[Black "Donmez, Unal"]
[Result "0-1"]
[WhiteElo "1732"]
[BlackElo "1895"]
[PlyCount "57"]

1. d4 f5 2. c4 Nf6 3. Nc3 e6 4. Nf3 d6 5. e3 Be7 6. Bd3 O-O 7. b4 c6 8. a4 d5
9. Qb3 Nbd7 10. O-O Bd6 11. h3 Ne4 12. Ne2 Ndf6 13. Ne5 Qe7 14. c5 Bxe5 15.
dxe5 Nd7 16. f4 a5 17. Bxe4 fxe4 18. Bd2 b6 19. cxb6 Nxb6 20. bxa5 Nc4 21. Bb4
c5 22. Be1 Ba6 23. Rf2 Rfb8 24. Qc3 Rb2 25. Qc1 Rab8 26. Nc3 Rxf2 27. Bxf2 Nxa5
28. Rb1 Nb3 29. Nb5 0-1

[Event "Tournoi Skype 015A"]
[Site "Skype"]
[Date "????.??.??"]
[Round "2.7"]
[White "Jacquelin, Norbert"]
[Black "Parmar, Manoj"]
[Result "1-0"]
[WhiteElo "1877"]
[BlackElo "1731"]
[PlyCount "89"]

1. d4 d5 2. f4 e6 3. e3 Nf6 4. Nf3 c5 5. c3 Nc6 6. Bd3 cxd4 7. exd4 Bd6 8. O-O
O-O 9. Ne5 Qb6 10. Kh1 Ne7 11. Rf3 Qc7 12. Rh3 Ng6 13. g4 Ne4 14. Bxe4 dxe4 15.
Be3 b6 16. g5 Rd8 17. Qh5 Nf8 18. Nd2 Bxe5 19. fxe5 g6 20. Qh6 Bb7 21. Rf1 Qc6
22. Qh4 Qb5 23. Qf2 Rd7 24. b3 Rc8 25. Nc4 Rxc4 26. bxc4 Qxc4 27. Kg1 Qxc3 28.
Rc1 Qa3 29. Rg3 Rxd4 30. Rc7 Rd1+ 31. Kg2 Rd7 32. Rxd7 Nxd7 33. Qc2 Nxe5 34.
Qc7 Qxa2+ 35. Kh3 Qd5 36. Bf4 Nc4 37. Rc3 e5 38. Bg3 Qe6+ 39. Kg2 Bd5 40. Rxc4
e3+ 41. Kg1 h5 42. Qb8+ Kh7 43. Rc8 f6 44. Rh8+ Kg7 45. Qf8# 1-0

[Event "Tournoi Skype 015A"]
[Site "Skype"]
[Date "????.??.??"]
[Round "2.8"]
[White "Megelas, Florent"]
[Black "Yuvarlak, Ugur"]
[Result "0-1"]
[WhiteElo "1720"]
[BlackElo "1870"]
[PlyCount "110"]

1. Nf3 Nf6 2. d4 e6 3. Bf4 b6 4. e3 Bb7 5. Bd3 Be7 6. Nbd2 Nh5 7. Bg3 Nxg3 8.
hxg3 f5 9. c3 d6 10. Qc2 d5 11. Rc1 Nd7 12. c4 c6 13. cxd5 cxd5 14. Ne5 Nxe5
15. dxe5 Rc8 16. Bb5+ Kf7 17. Qb1 Rxc1+ 18. Qxc1 h6 19. a3 Qc8 20. O-O a6 21.
Bd3 Qb8 22. Nf3 Rc8 23. Qb1 Qc7 24. g4 fxg4 25. Bg6+ Kf8 26. Nd4 Qxe5 27. Rc1
Rxc1+ 28. Qxc1 Bd6 29. g3 Qf6 30. Bd3 e5 31. Nc6 e4 32. Be2 h5 33. Nd4 Be5 34.
Qd2 Bxd4 35. exd4 g5 36. Qb4+ Kg7 37. Qd2 Kg6 38. b4 Qd6 39. Qe3 Qc6 40. Kg2
Qc8 41. Kh2 h4 42. gxh4 gxh4 43. Qf4 Qf5 44. Qxg4+ Qxg4 45. Bxg4 Kg5 46. Be2
Bc8 47. a4 a5 48. bxa5 bxa5 49. Bb5 Kf4 50. Kg2 h3+ 51. Kg1 Kf3 52. Bc6 Be6 53.
Bb5 h2+ 54. Kxh2 Kxf2 55. Kh1 Ke3 0-1

[Event "Tournoi Skype 015A"]
[Site "Skype"]
[Date "????.??.??"]
[Round "2.10"]
[White "Legueltel, Daniel"]
[Black "Plourde, Alain"]
[Result "0-1"]
[WhiteElo "1698"]
[BlackElo "1849"]
[PlyCount "48"]

1. d4 Nf6 2. c4 e6 3. Nc3 d5 4. cxd5 exd5 5. Bg5 Be7 6. Nf3 Nbd7 7. e3 O-O 8.
Bd3 h6 9. Bh4 c6 10. Qc2 Re8 11. O-O a6 12. Rfe1 Nf8 13. Ne5 N6d7 14. Bxe7 Rxe7
15. Nxd7 Nxd7 16. Na4 Qc7 17. e4 dxe4 18. Rxe4 Rxe4 19. Bxe4 Nf6 20. Bf3 Be6
21. Nc3 Rd8 22. Rd1 Qa5 23. a3 Qb6 24. Na4 Qb3 0-1

[Event "Tournoi Skype 015A"]
[Site "Skype"]
[Date "????.??.??"]
[Round "2.11"]
[White "Deville, Olivier"]
[Black "Murolo, Antonio"]
[Result "1-0"]
[WhiteElo "1845"]
[BlackElo "1573"]
[PlyCount "59"]

1. c4 Nf6 2. Nf3 e6 3. g3 d5 4. Bg2 c6 5. Qc2 Nbd7 6. O-O Be7 7. d4 O-O 8. Nbd2
Re8 9. e4 Nxe4 10. Nxe4 dxe4 11. Qxe4 Nf6 12. Qc2 Bd7 13. Ne5 h6 14. Rd1 Rc8
15. Qa4 a6 16. Bf4 Qb6 17. Qc2 Red8 18. a3 Be8 19. c5 Qa7 20. Nc4 Nd5 21. Bd2
b5 22. cxb6 Nxb6 23. Ba5 Rb8 24. Nxb6 Rxb6 25. Bxb6 Qxb6 26. Rac1 c5 27. dxc5
Rxd1+ 28. Rxd1 Qxc5 29. Qxc5 Bxc5 30. Rd8 1-0

[Event "Tournoi Skype 015A"]
[Site "Skype"]
[Date "????.??.??"]
[Round "2.12"]
[White "Meaney, Mike"]
[Black "Lambert, Pierre"]
[Result "0-1"]
[WhiteElo "1476"]
[BlackElo "1843"]
[PlyCount "66"]

1. e4 c5 2. Nf3 d6 3. c4 Nc6 4. Nc3 g6 5. d3 Bg7 6. Be3 Nf6 7. h3 O-O 8. Qd2
Bd7 9. Bh6 Rc8 10. Be2 a6 11. O-O Re8 12. Bxg7 Kxg7 13. Nh2 Nd4 14. f4 b5 15.
e5 Nxe2+ 16. Qxe2 Nh5 17. Qe3 Kg8 18. g4 Ng7 19. f5 gxf5 20. gxf5 Bxf5 21. Qg3
Kh8 22. Qf4 Rg8 23. Ng4 Qd7 24. Kh2 Bxg4 25. hxg4 dxe5 26. Qe3 Qxg4 27. Qg3
Qxg3+ 28. Kxg3 Nf5+ 29. Kh2 e6 30. Ne4 Rg6 31. Rad1 Ne3 32. Rxf7 Rcg8 33. Nf6
Rh6+ 0-1

[Event "Tournoi Skype 015A"]
[Site "Skype"]
[Date "????.??.??"]
[Round "2.13"]
[White "Elias, Roberto"]
[Black "L'Herbon De Lussats, Jean"]
[Result "1-0"]
[WhiteElo "1764"]
[BlackElo "1466"]
[PlyCount "87"]

1. e4 c5 2. Nf3 d6 3. d4 cxd4 4. Nxd4 a6 5. c4 e5 6. Nb3 Nf6 7. Nc3 Be6 8. Bg5
Be7 9. Qd2 Qc7 10. Bxf6 Bxf6 11. Nd5 Bxd5 12. cxd5 Nd7 13. Rc1 Qb6 14. Qa5 O-O
15. Be2 Bg5 16. Qxb6 Nxb6 17. Rc7 Rab8 18. h4 Bd8 19. Rc2 Rc8 20. Rxc8 Nxc8 21.
Bg4 Ne7 22. Bd7 g6 23. h5 f5 24. hxg6 hxg6 25. Be6+ Kg7 26. exf5 gxf5 27. Ke2
Ng6 28. g3 Bg5 29. Na5 f4 30. Nc4 Be7 31. Nb6 f3+ 32. Kd3 Bd8 33. Nc4 Bc7 34.
Ne3 Bb6 35. Nf5+ Kf6 36. Nxd6 Bxf2 37. Ne4+ Ke7 38. Rh7+ Kd8 39. Nxf2 Ne7 40.
Ke4 Nc8 41. Kxe5 b5 42. Rd7+ Ke8 43. Rb7 Ne7 44. Rb8+ 1-0

[Event "Tournoi Skype 015A"]
[Site "Skype"]
[Date "????.??.??"]
[Round "2.14"]
[White "Minhas, Sandeep"]
[Black "Segura Lozano, Marcos Antonio"]
[Result "1/2-1/2"]
[WhiteElo "1575"]
[BlackElo "1883"]
[PlyCount "79"]

1. e4 d5 2. exd5 Qxd5 3. Nc3 Qa5 4. d4 c6 5. Nf3 Bg4 6. Bc4 e6 7. O-O Bd6 8. h3
Bf5 9. a3 Nf6 10. Re1 O-O 11. Bd2 Qc7 12. Nh4 Bg6 13. Bg5 Nh5 14. Nxg6 hxg6 15.
Ne4 Bh2+ 16. Kh1 Bf4 17. Bh4 Nd7 18. Be2 Nhf6 19. Nxf6+ gxf6 20. f3 Kg7 21. Bd3
Rh8 22. Bf2 Rh7 23. Be3 Rah8 24. Kg1 Bxe3+ 25. Rxe3 Qg3 26. Kf1 f5 27. Qe2 Nf6
28. Re1 Nh5 29. f4 Qh2 30. Qf2 Nxf4 31. Bc4 Nh5 32. Ke2 Nf4+ 33. Kf1 g5 34. Rg3
Kf6 35. Qe3 Rg8 36. Qe5+ Ke7 37. Qc7+ Kf6 38. Qe5+ Ke7 39. Qc7+ Kf6 40. Qe5+
1/2-1/2

[Event "Tournoi Skype 015A"]
[Site "Skype"]
[Date "????.??.??"]
[Round "2.16"]
[White "Trivedi, Viral"]
[Black "Engstrom, Olle"]
[Result "0-1"]
[WhiteElo "1551"]
[BlackElo "1678"]
[PlyCount "130"]

1. e4 c5 2. c3 d5 3. exd5 Qxd5 4. Nf3 Nc6 5. d4 cxd4 6. cxd4 Bg4 7. Be2 e6 8.
Nc3 Bb4 9. O-O Qa5 10. Bd2 Nf6 11. a3 Bxc3 12. Bxc3 Qd5 13. h3 Bh5 14. Rc1 Rd8
15. Qa4 a6 16. Bd2 O-O 17. Bc4 Qd6 18. Qc2 Nxd4 19. Nxd4 Qxd4 20. Ba5 Rc8 21.
Qb3 b5 22. Bd3 Qd5 23. Qxd5 Nxd5 24. g4 Bg6 25. Bxg6 hxg6 26. Bd2 Nb6 27. f4
Nc4 28. Bb4 Rfd8 29. b3 Ne3 30. Rxc8 Rxc8 31. Re1 Nc2 32. Rc1 Rc6 33. Be7 Nd4
34. Rxc6 Nxc6 35. Bd6 Nd4 36. a4 Nxb3 37. axb5 axb5 38. g5 f6 39. Kf2 Kf7 40.
Ke3 Na5 41. Kd4 Nb7 42. Ba3 Ke8 43. Kd3 Na5 44. Kc3 Nc6 45. Bc5 b4+ 46. Kc4
fxg5 47. fxg5 Ne5+ 48. Kxb4 Nd3+ 49. Kc4 Nxc5 50. Kxc5 Kd7 51. Kd4 Kd6 52. Ke4
e5 53. h4 Ke6 54. Ke3 Kf5 55. Kf3 e4+ 56. Ke3 Kg4 57. Kxe4 Kxh4 58. Kf4 Kh5 59.
Kg3 Kxg5 60. Kh3 Kf4 61. Kh2 Kf3 62. Kh3 g5 63. Kh2 g4 64. Kg1 Kg3 65. Kh1 Kf2
0-1

[Event "Tournoi Skype 015A"]
[Site "Skype"]
[Date "????.??.??"]
[Round "2.17"]
[White "Bendre, Pankaj"]
[Black "Holtz, Steve"]
[Result "0-1"]
[WhiteElo "1672"]
[BlackElo "1499"]
[PlyCount "82"]

1. e4 e5 2. Nf3 Nc6 3. Bc4 Nf6 4. Ng5 d5 5. exd5 Nxd5 6. d4 Be7 7. Nxf7 Kxf7 8.
Qf3+ Ke8 9. Bxd5 Rf8 10. Bxc6+ bxc6 11. Qxc6+ Bd7 12. Qe4 Bf5 13. Qc6+ Bd7 14.
Qc4 exd4 15. O-O Rf7 16. Re1 Kf8 17. Qxd4 c5 18. Qd3 Bf5 19. Qc4 Rc8 20. Nd2
Qd4 21. c3 Qf6 22. Nf3 h6 23. a3 Bd6 24. Be3 Bd7 25. Nd2 Bf5 26. Nf3 Kg8 27.
Rac1 Bh3 28. Nd2 Bxg2 29. Kxg2 Re8 30. Ne4 Qg6+ 31. Ng3 h5 32. h4 Kh8 33. Ra1
Rfe7 34. Qe2 Rxe3 35. Qxh5+ Qxh5 36. Rxe3 Qd5+ 37. Ne4 Rxe4 38. Rxe4 Qxe4+ 39.
f3 Qe2+ 40. Kg1 Bg3 41. Rf1 Qh2# 0-1

[Event "Tournoi Skype 015A"]
[Site "Skype"]
[Date "????.??.??"]
[Round "2.18"]
[White "Rico Hernandez, Edgar"]
[Black "Mordaa, Ahmad"]
[Result "1-0"]
[WhiteElo "1892"]
[BlackElo "1418"]
[PlyCount "109"]

1. d4 Nf6 2. c4 e5 3. dxe5 Ng4 4. Bf4 Nc6 5. Nf3 Bb4+ 6. Nbd2 f6 7. a3 Bc5 8.
e3 fxe5 9. Bg3 e4 10. Nxe4 Be7 11. Bd3 d6 12. Qc2 Be6 13. h3 Nh6 14. Bf4 Nf7
15. Nd4 Nxd4 16. exd4 d5 17. cxd5 Bxd5 18. Bxc7 Bxe4 19. Bxe4 Qxc7 20. Qxc7 Nd6
21. Qxd6 Bxd6 22. Bxb7 Rb8 23. Bc6+ Ke7 24. b4 Kf6 25. O-O Rhd8 26. Rfd1 a6 27.
g3 Bc7 28. Rac1 Bb6 29. d5 Rf8 30. Rc2 Kg6 31. Re2 Rf3 32. Kg2 Rxa3 33. Rde1
Rf8 34. d6 Rc3 35. Be8+ Kh6 36. d7 Rd3 37. Re6+ Rf6 38. Rxf6+ gxf6 39. Re6 Bd8
40. Rxa6 Kg7 41. Ra8 Be7 42. b5 Rd6 43. Rb8 f5 44. b6 Kf6 45. b7 Rb6 46. d8=Q
Bxd8 47. Rxd8 Rxb7 48. Bh5 Re7 49. Rf8+ Ke6 50. Re8 Rxe8 51. Bxe8 Ke7 52. Ba4
Kf6 53. Kf3 Ke5 54. h4 h5 55. Be8 1-0

[Event "Tournoi Skype 015A"]
[Site "Skype"]
[Date "????.??.??"]
[Round "2.19"]
[White "Yardimci, Ertan"]
[Black "Carballo, Jorge"]
[Result "1/2-1/2"]
[WhiteElo "1515"]
[BlackElo "1691"]
[PlyCount "66"]

1. e4 e5 2. Nf3 Nc6 3. Bb5 d6 4. d4 exd4 5. Nxd4 Bd7 6. Nc3 Nf6 7. O-O Be7 8.
Nf3 O-O 9. h3 Ne5 10. Bxd7 Nxf3+ 11. Qxf3 Qxd7 12. Bf4 c6 13. Rad1 Qe6 14. Rfe1
Rfe8 15. Qg3 Nh5 16. Qf3 Nxf4 17. Qxf4 Qe5 18. Qxe5 dxe5 19. Rd7 Kf8 20. Rxb7
Reb8 21. Rxb8+ Rxb8 22. b3 Bb4 23. Re3 Rd8 24. Na4 Rd1+ 25. Kh2 Rd2 26. c3 Ba3
27. f3 Rxa2 28. c4 Bc1 29. Rd3 Bf4+ 30. Kg1 Bg3 31. Kf1 Rf2+ 32. Kg1 Re2 33.
Rd1 Re3 1/2-1/2

[Event "Tournoi Skype 015A"]
[Site "Skype"]
[Date "????.??.??"]
[Round "2.20"]
[White "Murgia, Stefano"]
[Black "Fouquereau, Andre"]
[Result "1/2-1/2"]
[WhiteElo "1691"]
[BlackElo "1515"]
[PlyCount "85"]

1. e4 e5 2. d4 exd4 3. Qxd4 Nc6 4. Qe3 d6 5. Nc3 Be7 6. Bd2 Be6 7. O-O-O Ne5 8.
b3 Nf6 9. f4 Nfg4 10. Qg3 Bh4 11. Qh3 Nf2 12. Qe3 Nxd1 13. Kxd1 Ng4 14. Qe2
Nf2+ 15. Kc1 O-O 16. Nf3 Nxh1 17. f5 Bxf5 18. exf5 Re8 19. Qc4 Nf2 20. Nxh4 d5
21. Qf4 Ne4 22. Bd3 Nxd2 23. Kxd2 c5 24. Nf3 a5 25. Qg4 f6 26. Qh5 c4 27. Be2
cxb3 28. axb3 Rb8 29. Nd4 Qd7 30. Bd3 Rbd8 31. Qg4 g6 32. Nxd5 Qxd5 33. Bc4
Qxc4 34. bxc4 g5 35. Kc3 Re3+ 36. Kd2 Re5 37. Kc3 Re3+ 38. Kd2 Re7 39. Kc3 Red7
40. Ne6 Re8 41. c5 Rde7 42. Qc4 Kh8 43. Qb5 1/2-1/2

[Event "Tournoi Skype 015A"]
[Site "Skype"]
[Date "????.??.??"]
[Round "2.21"]
[White "Aranzubia, Desiderio"]
[Black "Mulrooney, Justin"]
[Result "0-1"]
[WhiteElo "1499"]
[BlackElo "1663"]
[PlyCount "50"]

1. d4 e6 2. c4 Nf6 3. Nc3 Be7 4. Bf4 a6 5. Nf3 b6 6. h3 Bb7 7. e3 O-O 8. Be2 d5
9. cxd5 Nxd5 10. Nxd5 Bxd5 11. O-O Nd7 12. a3 c5 13. dxc5 Nxc5 14. Nd4 Bf6 15.
Bf3 e5 16. Nc6 Bxf3 17. Qxf3 Qd6 18. Bg3 Qe6 19. Nb4 e4 20. Qe2 a5 21. Na2 Qb3
22. Rab1 Qxa2 23. Bc7 Qb3 24. Rfc1 Nd3 25. Re1 Nxe1 0-1

[Event "Tournoi Skype 015A"]
[Site "Skype"]
[Date "????.??.??"]
[Round "2.22"]
[White "Bourdeau, Yvan"]
[Black "Malbec, Robert"]
[Result "1-0"]
[WhiteElo "1642"]
[BlackElo "1510"]
[PlyCount "77"]

1. c4 e5 2. Nc3 Nf6 3. g3 c6 4. Bg2 Bc5 5. e3 d6 6. d4 exd4 7. exd4 Bb4 8. Nge2
O-O 9. O-O Be6 10. d5 Bd7 11. a3 Bxc3 12. Nxc3 c5 13. Bg5 h6 14. Bf4 Bf5 15.
Re1 a6 16. Ne4 Nxe4 17. Bxe4 Bxe4 18. Rxe4 Qf6 19. Qd2 Qg6 20. Rae1 Nd7 21. Re7
Rad8 22. f3 Qf6 23. Qc3 Qg6 24. R1e2 b6 25. Qe1 a5 26. Re8 Ne5 27. Rxf8+ Rxf8
28. Bxe5 dxe5 29. Rxe5 Qd3 30. Qe2 Qd4+ 31. Kg2 Rb8 32. Re4 Qf6 33. a4 Qd6 34.
Re8+ Kh7 35. Rxb8 Qxb8 36. Qe7 f6 37. d6 Qg8 38. d7 Qxc4 39. Qe4+ 1-0

[Event "Tournoi Skype 015A"]
[Site "Skype"]
[Date "????.??.??"]
[Round "2.23"]
[White "Lowery, Mike"]
[Black "Ali, Mohammad"]
[Result "0-1"]
[WhiteElo "1499"]
[BlackElo "1640"]
[PlyCount "40"]

1. d4 Nf6 2. c4 e5 3. dxe5 Ng4 4. Nc3 Nxe5 5. b3 Nbc6 6. a3 Bc5 7. e3 d6 8. Be2
O-O 9. Nf3 Bf5 10. Nxe5 dxe5 11. O-O Re8 12. Bb2 Bd6 13. Rc1 Qh4 14. h3 e4 15.
Nb5 Rad8 16. Nxd6 Rxd6 17. Qc2 Bxh3 18. gxh3 Qxh3 19. Rfd1 Rg6+ 20. Bg4 Rxg4#
0-1

[Event "Tournoi Skype 015A"]
[Site "Skype"]
[Date "????.??.??"]
[Round "2.24"]
[White "Karia, Vijay"]
[Black "Montenegro, Juan Carlos"]
[Result "1-0"]
[WhiteElo "1634"]
[BlackElo "1499"]
[PlyCount "63"]

1. e4 e6 2. d4 d5 3. e5 c5 4. c3 Nc6 5. Nf3 Qb6 6. b3 cxd4 7. Nxd4 Nxe5 8. Be3
Bc5 9. Bb5+ Bd7 10. Bxd7+ Nxd7 11. b4 Bf8 12. Qf3 Ngf6 13. O-O Qc7 14. Nb5 Qb8
15. Bf4 Ne5 16. Qg3 Nfd7 17. Re1 a6 18. Nd4 Bd6 19. Qxg7 Ng6 20. Nxe6 fxe6 21.
Rxe6+ Kd8 22. Bxd6 Re8 23. Rxe8+ Kxe8 24. Bxb8 Rxb8 25. Nd2 Kd8 26. Qg8+ Kc7
27. Qxd5 Re8 28. Nc4 Nge5 29. Qd6+ Kc8 30. Nxe5 Nxe5 31. Kf1 h5 32. Re1 1-0

[Event "Tournoi Skype 015A"]
[Site "Skype"]
[Date "????.??.??"]
[Round "2.25"]
[White "Leost, Joel"]
[Black "Perez Fermin, Jose"]
[Result "0-1"]
[WhiteElo "1497"]
[BlackElo "1622"]
[PlyCount "80"]

1. e4 c5 2. Bc4 e6 3. Nc3 Nf6 4. Nf3 a6 5. d3 d6 6. a3 b5 7. Ba2 Bb7 8. Bg5 Be7
9. Qe2 Nc6 10. Rd1 Qc7 11. O-O O-O 12. Bh4 Nh5 13. Bg3 e5 14. Nxe5 Nxg3 15.
fxg3 Nxe5 16. Rf2 Bc8 17. Rdf1 Be6 18. Nd5 Qb7 19. Qh5 g6 20. Qe2 Bg5 21. h4
Be7 22. h5 Bg4 23. Qe1 Bg5 24. Ne3 Bxh5 25. Bb1 Bg4 26. Nd5 Be6 27. Ba2 Kg7 28.
Bb1 Bxd5 29. exd5 Qxd5 30. Qd1 Be3 31. c3 Bxf2+ 32. Rxf2 Rae8 33. Rf4 Re7 34.
Qd2 Rfe8 35. Rh4 h5 36. b4 Ng4 37. Rxg4 hxg4 38. Qb2 Qe5 39. Ba2 Qe1+ 40. Kh2
Rh8# 0-1

[Event "Tournoi Skype 015A"]
[Site "Skype"]
[Date "????.??.??"]
[Round "2.26"]
[White "Prasad Singh, Ambika"]
[Black "Yildirim, Cagri"]
[Result "0-1"]
[WhiteElo "1595"]
[BlackElo "1492"]
[PlyCount "58"]

1. e4 e5 2. Nf3 Nc6 3. Bb5 f5 4. d3 fxe4 5. dxe4 Nf6 6. Nc3 Bc5 7. Bc4 Na5 8.
Qe2 Nxc4 9. Qxc4 Qe7 10. Bg5 c6 11. a3 d6 12. h3 Be6 13. Qe2 O-O 14. O-O-O a5
15. Nh2 b5 16. Ng4 b4 17. Nxf6+ gxf6 18. Bh6 bxc3 19. Bxf8 cxb2+ 20. Kxb2 Rxf8
21. c4 d5 22. cxd5 cxd5 23. exd5 Rb8+ 24. Kc3 Bd4+ 25. Rxd4 exd4+ 26. Kxd4 Qa7+
27. Ke4 Bxd5+ 28. Kxd5 Qd7+ 29. Kc4 Qb5+ 0-1

[Event "Tournoi Skype 015A"]
[Site "Skype"]
[Date "????.??.??"]
[Round "2.27"]
[White "Grimwood, Robert"]
[Black "Kruzeniski, Randy"]
[Result "0-1"]
[WhiteElo "1491"]
[BlackElo "1547"]
[PlyCount "66"]

1. d4 d5 2. Nf3 e6 3. Bf4 Nf6 4. e3 Nbd7 5. Bd3 c5 6. c3 c4 7. Bc2 b5 8. O-O a6
9. a4 Bb7 10. h3 h6 11. Ne5 g5 12. Bh2 Bg7 13. Nd2 O-O 14. Qe2 Nb6 15. axb5
axb5 16. Rxa8 Bxa8 17. b4 Na4 18. Bxa4 bxa4 19. f3 Nd7 20. f4 Nxe5 21. fxe5 Bc6
22. e4 f6 23. Kh1 f5 24. exf5 exf5 25. g3 Qe7 26. g4 f4 27. Nf3 Ra8 28. Kg2 Bf8
29. Ne1 Qe8 30. Nc2 Ra7 31. Na3 Bd7 32. Rc1 Kf7 33. e6+ Bxe6 0-1

[Event "Tournoi Skype 015A"]
[Site "Skype"]
[Date "????.??.??"]
[Round "2.29"]
[White "Saponara, Jose Maria"]
[Black "Loyarte, Frederic"]
[Result "1-0"]
[WhiteElo "1482"]
[BlackElo "1538"]
[PlyCount "83"]

1. Nf3 d5 2. b3 Nf6 3. Bb2 Bf5 4. d3 c5 5. Nbd2 Nc6 6. e3 Qc7 7. Be2 e6 8. Nh4
Ne7 9. g4 Bg6 10. Bf3 O-O-O 11. a3 Nc6 12. Bg2 d4 13. e4 Ne5 14. h3 Bd6 15.
Nhf3 Nxf3+ 16. Nxf3 Bf4 17. Bc1 Qa5+ 18. Bd2 Bxd2+ 19. Qxd2 Qxd2+ 20. Kxd2 Nd7
21. h4 f6 22. h5 Bf7 23. Rae1 e5 24. Nh4 g5 25. Nf5 Nf8 26. Rb1 Rd7 27. Rhc1
Ne6 28. Bf1 Nf4 29. c3 Rhd8 30. c4 a5 31. b4 b6 32. bxa5 bxa5 33. Rb5 Rb7 34.
Rcb1 Rxb5 35. Rxb5 Rd7 36. Rxa5 Kc7 37. Rxc5+ Kb6 38. Rb5+ Kc6 39. a4 Ne6 40.
a5 Rb7 41. Rxb7 Kxb7 42. Nd6+ 1-0

[Event "Tournoi Skype 015A"]
[Site "Skype"]
[Date "????.??.??"]
[Round "2.30"]
[White "Antonic, Nenad"]
[Black "Grib, Johannes"]
[Result "1-0"]
[WhiteElo "1527"]
[BlackElo "1480"]
[PlyCount "49"]

1. d4 d5 2. Nf3 Nf6 3. e3 c6 4. Bd3 e6 5. Nbd2 Nbd7 6. O-O Qc7 7. Re1 e5 8. e4
Bd6 9. dxe5 Nxe5 10. exd5 Nxd5 11. Nxe5 Be6 12. Ndc4 O-O-O 13. Nxd6+ Rxd6 14.
c4 Nf6 15. Qc2 h5 16. Be3 Ng4 17. Nxg4 hxg4 18. Bf4 Kb8 19. c5 Ka8 20. cxd6 Qd7
21. Bc4 Rf8 22. Qc3 b5 23. Bxe6 fxe6 24. Be5 Kb7 25. Qd4 1-0

[Event "Tournoi Skype 015A"]
[Site "Skype"]
[Date "????.??.??"]
[Round "3.2"]
[White "Karlsen, Christian"]
[Black "Jacquelin, Norbert"]
[Result "1-0"]
[WhiteElo "2046"]
[BlackElo "1877"]
[PlyCount "123"]

1. g3 d5 2. Nf3 Nf6 3. Bg2 c6 4. O-O Bg4 5. d4 e6 6. Nc3 Nbd7 7. Bf4 Be7 8. h3
Bxf3 9. Bxf3 Nf8 10. e4 Ng6 11. Bc1 O-O 12. h4 Nxe4 13. Nxe4 dxe4 14. Bxe4 f5
15. Bh1 Bf6 16. c3 Nh8 17. Re1 Qd7 18. Bg2 Rae8 19. Qb3 Nf7 20. a4 Kh8 21. Be4
fxe4 22. Be3 Nd6 23. Rad1 Qe7 24. Qb4 Rd8 25. Bf4 Bxh4 26. Bxd6 Rxd6 27. Rxe4
Bg5 28. f4 Bh6 29. Rde1 Rf6 30. Re5 Bxf4 31. gxf4 Rxf4 32. R1e4 Rxe4 33. Rxe4
Qg5+ 34. Kf2 Qf5+ 35. Ke3 Rd8 36. Qxb7 Rf8 37. Qxc6 Qf3+ 38. Kd2 Qg2+ 39. Kd3
Qf1+ 40. Kc2 h6 41. Rxe6 Rf2+ 42. Kb3 Qd1+ 43. Kc4 Qf1+ 44. Kc5 Rf5+ 45. Re5
Rf6 46. Re8+ Kh7 47. Qe4+ Qf5+ 48. d5 h5 49. Qxf5+ Rxf5 50. Kc6 h4 51. d6 Rf6
52. Kc7 g5 53. d7 Rf7 54. Kd6 Rxd7+ 55. Kxd7 Kg6 56. c4 h3 57. c5 g4 58. c6 h2
59. Re1 g3 60. c7 g2 61. c8=Q h1=Q 62. Qc6+ 1-0

[Event "Tournoi Skype 015A"]
[Site "Skype"]
[Date "????.??.??"]
[Round "3.3"]
[White "Plourde, Alain"]
[Black "Auger, Bertrand"]
[Result "1/2-1/2"]
[WhiteElo "1849"]
[BlackElo "2042"]
[PlyCount "126"]

1. d4 e6 2. c4 f5 3. Nc3 Nf6 4. Nf3 d5 5. c5 Be7 6. Bg5 O-O 7. Ne5 Nfd7 8. Bxe7
Qxe7 9. Nxd7 Nxd7 10. Nb5 Nf6 11. e3 Ne4 12. Be2 f4 13. exf4 Rxf4 14. O-O Bd7
15. Nc3 Nxc3 16. bxc3 Raf8 17. a4 a6 18. a5 e5 19. Qd2 e4 20. Qe3 Qe8 21. Rab1
Bb5 22. Bxb5 axb5 23. Qe2 c6 24. Qe3 h5 25. Rbe1 Qg6 26. Re2 h4 27. Kh1 Qh5 28.
Ra2 h3 29. Qxh3 Qxh3 30. gxh3 Rf3 31. a6 bxa6 32. Rxa6 R8f6 33. Ra8+ Kh7 34.
Ra7 Rxf2 35. Rg1 Rg6 36. Rc7 Rxg1+ 37. Kxg1 Rf6 38. Kg2 Kh6 39. Rc8 Kg5 40. Rg8
g6 41. Rc8 Kf4 42. Kf2 g5 43. Rh8 Kf5 44. Ke3 Kg6 45. Rg8+ Kh5 46. Rh8+ Rh6 47.
Rg8 Kh4 48. Rg7 Kxh3 49. Rxg5 Kxh2 50. Rg8 Rh3+ 51. Kd2 Rg3 52. Rc8 Rg6 53. Rf8
Kg3 54. Rf1 Rh6 55. Rf8 Kg4 56. Rg8+ Kf5 57. Rf8+ Ke6 58. Rf2 Rf6 59. Rh2 Rg6
60. Rf2 Rg3 61. Rh2 Kf5 62. Rf2+ Rf3 63. Rh2 Rg3 1/2-1/2

[Event "Tournoi Skype 015A"]
[Site "Skype"]
[Date "????.??.??"]
[Round "3.4"]
[White "Hervais, Adrien"]
[Black "Deville, Olivier"]
[Result "1-0"]
[WhiteElo "1945"]
[BlackElo "1845"]
[PlyCount "41"]

1. d4 Nf6 2. Bg5 Ne4 3. Bf4 c5 4. f3 Qa5+ 5. c3 Nf6 6. d5 d6 7. e4 g6 8. Nd2
Bg7 9. Nc4 Qc7 10. e5 dxe5 11. Nxe5 Nh5 12. Bb5+ Nc6 13. dxc6 b6 14. Nxg6 Nxf4
15. Nxf4 a6 16. Nd5 Qe5+ 17. Be2 Be6 18. Nxb6 Rb8 19. Nd7 Bxd7 20. Qxd7+ Kf8
21. c7 1-0

[Event "Tournoi Skype 015A"]
[Site "Skype"]
[Date "????.??.??"]
[Round "3.5"]
[White "Donmez, Unal"]
[Black "Elias, Roberto"]
[Result "1/2-1/2"]
[WhiteElo "1895"]
[BlackElo "1764"]
[PlyCount "44"]

1. e4 c5 2. d4 cxd4 3. c3 d5 4. exd5 Qxd5 5. Nf3 Bg4 6. Be2 Nc6 7. cxd4 e6 8.
Nc3 Bb4 9. O-O Qa5 10. d5 Rd8 11. h3 Bh5 12. g4 Bg6 13. Nd4 Nxd4 14. Qxd4 Bxc3
15. bxc3 Nf6 16. c4 O-O 17. Bg5 exd5 18. Bxf6 gxf6 19. Qxf6 Rfe8 20. Bf3 dxc4
21. Bxb7 Qe5 22. Qa6 Qc5 1/2-1/2